[Event "WSB Masters GM"]
[Site "Wroclaw POL"]
[Date "2011.01.02"]
[Round "9"]
[White "Baryshpolets,A"]
[Black "Simacek,P"]
[Result "1/2-1/2"]
[WhiteElo "2474"]
[BlackElo "2469"]

1.d4 Nf6 2.c4 c5 3.d5 e6 4.Nc3 exd5 5.cxd5 d6 6.Nf3 g6 7.g3 Bg7 8.Bg2 O-O
9.O-O Re8 10.Nd2 a6 11.a4 Nbd7 12.h3 Rb8 13.Nc4 Ne5 14.Na3 Nh5 15.e4 Rf8
16.Kh2 Bd7 17.a5 Qxa5 18.f4 Nc4 19.Nxc4 Qxa1 20.e5 dxe5 21.Qc2 b5 22.Nxe5 b4
23.Be3 Qa5 24.Nxd7 bxc3 25.bxc3 Rfe8 26.Nxb8 Rxe3 27.Nc6 Qxc3 28.Qxc3 Bxc3
29.d6 Nf6 30.Rd1 Be1 31.d7 Bxg3+ 32.Kg1 Nxd7 33.Rxd7 Re1+ 34.Bf1 Bxf4 35.Kg2 Rc1
36.Bxa6 g5 37.Ne7+ Kg7 38.Nd5 Be5 39.Ne3 Rc3 40.Nf5+ Kf6 41.Nh6 Rg3+ 42.Kf2 Bf4
43.Bd3 Rxh3 44.Rxf7+ Ke5 45.Ng4+ Kd4 46.Rd7+ Kc3 47.Bxh7 c4 48.Nf6 Rh2+ 49.Kf3 Rh3+
50.Kg2 Rg3+ 51.Kf2 Kb2 52.Ne4 Rd3 53.Rb7+ Rb3 54.Rf7 c3 55.Nc5 c2 56.Nxb3 Kxb3
57.Rb7+ Kc3 58.Bxc2 Kxc2 59.Kg1  1/2-1/2

[Event "9th Parsvnath Open"]
[Site "New Delhi IND"]
[Date "2011.01.10"]
[Round "4.47"]
[White "Nishant,M"]
[Black "Zeng,C"]
[Result "0-1"]
[WhiteElo "1901"]
[BlackElo "2377"]

1.d4 Nf6 2.c4 e6 3.Nc3 c5 4.d5 exd5 5.cxd5 d6 6.Nf3 g6 7.Bf4 a6 8.a4 Bg7
9.h3 O-O 10.e3 Qe7 11.Bd3 Nbd7 12.O-O Ne8 13.Nd2 Ne5 14.Nc4 Nxc4 15.Bxc4 f5
16.Re1 Nf6 17.Qc2 Nh5 18.Bh2 Rb8 19.a5 b5 20.axb6 Rxb6 21.Rad1 Be5 22.Bxe5 Qxe5
23.b3 Nf6 24.f4 Qe7 25.Qd3 Kg7 26.Ra1 Re8 27.Ra2 Nh5 28.Rae2 g5 29.Na4 Rb4
30.Qc3+ Kh6 31.g4 Ng3 32.fxg5+ Qxg5 33.Rg2 Ne4 34.Qc2 Qh4 35.Rf1 Ng5 36.Rxf5 Rxe3
37.Qd2 Rxh3 38.Kf1 Bxf5 39.gxf5 Rh1+ 40.Ke2 Qe4+ 41.Kf2 Qf3+  0-1

[Event "118th ch-NZL 2011"]
[Site "Auckland NZL"]
[Date "2011.01.12"]
[Round "11.6"]
[White "Steadman,M"]
[Black "Dordevic,Ivan"]
[Result "1-0"]
[WhiteElo "2242"]
[BlackElo "2019"]

1.d4 Nf6 2.c4 c5 3.d5 e6 4.Nc3 exd5 5.cxd5 d6 6.Nf3 g6 7.Bf4 a6 8.a4 Bg7
9.h3 O-O 10.e3 Re8 11.Be2 Nbd7 12.O-O Qc7 13.Nd2 Nb6 14.e4 Bd7 15.f3 Nh5
16.Bh2 Bxc3 17.bxc3 Nxa4 18.Rxa4 Bxa4 19.Qxa4 b5 20.Qb3 c4 21.Qb4 Rad8 22.g4 Nf6
23.Rf2 Qb6 24.Nxc4 Qa7 25.Nxd6 Nxd5 26.Qd4  1-0

[Event "TCh-SVK Extraliga 2010-11"]
[Site "Dunajska Streda CZE"]
[Date "2011.01.16"]
[Round "4.8"]
[White "Svana,P"]
[Black "Havlicek,L2"]
[Result "1-0"]
[WhiteElo "2227"]
[BlackElo "2330"]

1.d4 Nf6 2.c4 e6 3.Nf3 c5 4.d5 exd5 5.cxd5 d6 6.Nc3 Be7 7.h3 O-O 8.Bf4 Na6
9.e4 Nc7 10.a4 Rb8 11.Bd3 Re8 12.O-O a6 13.a5 b5 14.axb6 Rxb6 15.Ra2 Rb4
16.Bh2 Bf8 17.Nd2 Nb5 18.Nc4 Qc7 19.f4 Rxb2 20.Nxb5 Rxb5 21.e5 Nxd5 22.Nxd6 c4
23.Bxh7+ Kxh7 24.Nxe8 Qb6+ 25.Kh1 Ne3 26.Bg1 Bb7 27.Qc1 Rb3 28.Bxe3 Rxe3
29.Kh2 c3 30.Nd6 Bd5 31.Rc2 Qc5 32.Re1 Rd3 33.Rd1 Rxd1 34.Qxd1 Bxd6 35.exd6 Qxd6
36.Qd4 Qg6 37.Qxc3 Qe4 38.Rf2 Bc4 39.Qf3 Qd4 40.Rc2 a5 41.Qh5+ Kg8 42.Qe5 Qxe5
43.fxe5 Bb3 44.Rc8+ Kh7 45.Ra8 a4 46.g4 g5 47.Kg3 Kg7 48.Ra7 Kg6 49.h4 gxh4+
50.Kxh4 Kh7 51.Ra6 Kg7 52.Kh5 Bc2 53.Ra7 Bb3 54.Kg5 Be6 55.Rxa4 Bb3 56.Ra6 Be6
57.Rb6 Bc4 58.Rf6 Bb3 59.Kf4 Be6 60.g5 Bh3 61.g6 fxg6 62.Kg5 Bf5 63.e6 Be4
64.e7  1-0

[Event "3rd Chennai Open"]
[Site "Chennai IND"]
[Date "2011.01.19"]
[Round "3"]
[White "Surendran,N"]
[Black "Sundararajan,K"]
[Result "1/2-1/2"]
[WhiteElo "2063"]
[BlackElo "2449"]

1.d4 Nf6 2.Nf3 c5 3.d5 e6 4.c4 exd5 5.cxd5 d6 6.Nc3 g6 7.g3 Bg7 8.Bg2 O-O
9.O-O Re8 10.Nd2 a6 11.a4 Nbd7 12.Nc4 Ne5 13.Nxe5 Rxe5 14.Bf4 Re8 15.Qd2 Rb8
16.Bg5 Qc7 17.Rfb1 Ng4 18.h3 f6 19.Bf4 Ne5 20.Bxe5 Rxe5 21.b4 b5 22.axb5 axb5
23.Ra5 c4 24.e3 f5 25.Ne2 Bb7 26.Nc3 Bc8 27.Ne2 Re8 28.Nd4 Bxd4 29.Qxd4 Qg7
30.Qxg7+ Kxg7 31.Ra7+ Rb7 32.Ra6 Rd8 33.Rba1 Kf6 34.Rc6 Ke7 35.Kf1 Bd7 36.Rca6 g5
37.R6a3 f4 38.exf4 gxf4 39.Re1+ Kf6 40.Rf3 Re8 41.Rxf4+ Kg7 42.Rfe4 Rxe4
43.Rxe4 Bf5 44.Re3 Ra7 45.g4 Bd3+ 46.Ke1 Ra1+ 47.Kd2 Ra2+ 48.Kc3 Rxf2 49.Bf3 Rc2+
50.Kd4 Rb2 51.Be4 Bxe4 52.Rxe4 Rd2+ 53.Ke3 Rxd5 54.Re7+ Kg6 55.Rb7 h5 56.Ke4 Re5+
57.Kd4 Kf6 58.Rb8 hxg4 59.hxg4 Rg5 60.Kc3 Ke6 61.Rb7 Rd5 62.Kc2 Kf6 63.Rh7 Rg5
64.Rb7 Re5 65.Kc3 Kg5 66.Kd4 Kxg4 67.Rb6 Kf4 68.Rxd6 Re4+ 69.Kc5 Re5+ 70.Kd4 Rf5
71.Re6 Kf3 72.Kc3 Rd5 73.Kc2 Kf4 74.Re7 Re5 75.Rf7+ Ke4 76.Rb7 Kd4 77.Rd7+ Rd5
78.Re7 Rh5 79.Rd7+ Ke4 80.Rb7 Rh2+ 81.Kc3 Rh3+ 82.Kc2 Rh5 83.Rb8 Rd5 84.Re8+ Kf5
85.Rb8 Ke6 86.Rb6+ Kd7 87.Rh6 Rd6 88.Rh5 Kc6 89.Rc5+ Kb6 90.Rh5 Rg6 91.Rh3 Kc6
92.Kc3 Re6 93.Rg3 Kd5 94.Rh3 Re5 95.Rg3 Rh5 96.Re3 Rh1 97.Kc2 Rh2+ 98.Kc3 Ra2
99.Re5+ Kc6 100.Re6+ Kc7 101.Re5 Ra3+ 102.Kd4 Kc6 103.Re6+ Kd7 104.Rb6 Rd3+
105.Ke4 Rd2 106.Rxb5 c3 107.Rc5 c2 108.Ke3 Rh2 109.Kd3  1/2-1/2

[Event "GMA"]
[Site "Marianske Lazne CZE"]
[Date "2011.01.20"]
[Round "7"]
[White "Fedoseev,Vl3"]
[Black "Smith,Bry"]
[Result "1/2-1/2"]
[WhiteElo "2505"]
[BlackElo "2458"]

1.d4 Nf6 2.c4 e6 3.Nf3 c5 4.d5 d6 5.Nc3 exd5 6.cxd5 g6 7.g3 Bg7 8.Bg2 O-O
9.Nd2 Nbd7 10.a4 Re8 11.O-O a6 12.Qb3 Rb8 13.Nc4 Ne5 14.Nb6 Nfd7 15.Nxc8 Qxc8
16.a5 c4 17.Qa3 Nc5 18.Be3 Ned7 19.Bf4 b5 20.axb6 Rxb6 21.Rac1 Qb7 22.Nd1 Rxe2
23.Rxc4 Rb3 24.Qa1 Qb5 25.Rc1 Qb6 26.Nc3 Rxf2 27.Rxf2 Nd3 28.Nd1 Nxf2 29.Nxf2 Rxb2
30.Rc8+ Nf8 31.Qe1 Rxf2 32.Be3 Rxg2+ 33.Kxg2 Qb7 34.Rc6 Be5 35.Bh6 Qb2+ 36.Kh3 Qb5
37.Qd1 a5 38.Qf3 Qb7 39.Qe4 Qb5 40.Qc4 Qb1 41.Rc8 Qf5+ 42.Kg2 Bg7 43.Bf4 Be5
44.Bd2 Kg7 45.Rc7 h5 46.Qf1 Qxf1+ 47.Kxf1 Nh7 48.Ra7 Nf6 49.Rxa5 Ne4 50.Bf4 Kf6
51.Ra7 Bxf4 52.gxf4 Kg7 53.Ra3 Kf6 54.Ke2 Kf5 55.Ke3 Nf6 56.Kd4 Kxf4 57.Ra7 g5
58.Rxf7 Kf5 59.Re7 g4 60.Re6 h4 61.Re1 g3 62.hxg3 hxg3 63.Rf1+ Kg5 64.Rf3 Nxd5
65.Rxg3+ Kf4 66.Rg6 Ne3 67.Rf6+ Nf5+ 68.Kd5 Kg5 69.Rf8 Kg4 70.Ke6 Nd4+ 71.Kxd6 Nf3
72.Kd5 Ng5 73.Ke5 Nf3+ 74.Ke4 Ng5+ 75.Ke3 Ne6 76.Rf6 Ng5 77.Rf4+ Kh5 78.Ra4 Kg6
79.Kf4 Kf6 80.Ra6+ Ne6+ 81.Ke4 Ke7 82.Ke5 Nd8 83.Ra7+ Ke8 84.Kf6 Nc6 85.Rc7 Nd8
86.Re7+ Kf8 87.Rd7 Ke8 88.Rh7 Nc6 89.Kf5 Nd8 90.Ke5 Kf8 91.Kd6 Nf7+ 92.Kd7 Kg8
93.Rh1 Kg7 94.Ke6 Ng5+ 95.Kf5 Nf7 96.Rd1 Kf8 97.Kf6 Ke8 98.Re1+ Kf8 99.Rh1 Ke8
100.Re1+ Kf8 101.Re6 Nd8 102.Re7 Nc6 103.Rc7 Nd8 104.Rd7 Ke8 105.Rxd8+ Kxd8  1/2-1/2

[Event "TCh-CZE 2010-11"]
[Site "Czech Rep CZE"]
[Date "2011.01.22"]
[Round "6.1"]
[White "Polak,T"]
[Black "Kanovsky,D"]
[Result "1-0"]
[WhiteElo "2532"]
[BlackElo "2497"]

1.d4 Nf6 2.c4 c5 3.d5 e6 4.Nc3 exd5 5.cxd5 d6 6.Nf3 g6 7.h3 Bg7 8.e4 O-O
9.Bg5 Bd7 10.Nd2 Qe8 11.Qf3 Qe5 12.Qf4 Qe7 13.O-O-O Re8 14.Nc4 h6 15.Bxf6 Bxf6
16.Qxd6 Qd8 17.Qxc5 Na6 18.Qa5 Qb8 19.d6 b5 20.Ne3 Nc5 21.Qb4 a5 22.Qxc5 Rc8
23.Qd5 b4 24.Bc4 Be6 25.Qb5 Bxc4 26.Nxc4 Rxc4 27.Qxc4 bxc3 28.bxc3 Qb6 29.Kc2 Rb8
30.Rd2 Qb2+ 31.Kd3 Qb7 32.Qd5 Qa6+ 33.c4 Bg5 34.Rc2 Rd8 35.e5 Qc8 36.Rb1 Qf5+
37.Qe4 Qe6 38.f4 Bh4 39.c5  1-0

[Event "GMA"]
[Site "Marianske Lazne CZE"]
[Date "2011.01.22"]
[Round "9"]
[White "Zeller,F"]
[Black "Carlstedt,J"]
[Result "1/2-1/2"]
[WhiteElo "2445"]
[BlackElo "2409"]

1.d4 Nf6 2.c4 c5 3.d5 e6 4.Nc3 exd5 5.cxd5 d6 6.Nf3 g6 7.Nd2 Nbd7 8.e4 a6
9.a4 Bg7 10.Be2 O-O  1/2-1/2

[Event "3rd Chennai Open"]
[Site "Chennai IND"]
[Date "2011.01.24"]
[Round "9"]
[White "Stefansson,H"]
[Black "Rathnakaran,K"]
[Result "1-0"]
[WhiteElo "2580"]
[BlackElo "2381"]

1.d4 Nf6 2.c4 c5 3.d5 e6 4.Nc3 exd5 5.cxd5 d6 6.Nf3 g6 7.h3 Bg7 8.e4 O-O
9.Bd3 b6 10.O-O Ba6 11.Bf4 Bxd3 12.Qxd3 a6 13.a4 Ra7 14.Nd2 Nh5 15.Bh2 f5
16.f4 Raf7 17.e5 Nxf4 18.Bxf4 dxe5 19.Bh2 e4 20.Qc2 g5 21.Nc4 Bd4+ 22.Kh1 Rf6
23.Qd2 h6 24.b4 b5 25.axb5 axb5 26.bxc5 Bxc3 27.Qxc3 bxc4 28.Qxc4 f4 29.Qxe4 Nd7
30.c6 Re8 31.Qd4 Ne5 32.Rae1 Qd6 33.Re4 Re7 34.Rc1 Rf8 35.c7 Rc8 36.Qc5 Qxc5
37.Rxc5 Rexc7 38.Rxc7 Rxc7 39.Rxe5 Rc1+ 40.Bg1 Rd1 41.Kh2 Kg7 42.Bc5 Kf6
43.Re6+ Kf5 44.Rxh6 Rxd5 45.Be7 Rd7 46.Bc5 Rd5 47.Bb6 Rd2 48.Rh8 Rd6 49.Bd8 g4
50.hxg4+ Kxg4 51.Rh4+ Kf5 52.Rxf4+ Kxf4 53.Bc7 Ke5 54.Kg3  1-0

[Event "3rd Chennai Open"]
[Site "Chennai IND"]
[Date "2011.01.25"]
[Round "10"]
[White "Greenfeld,A"]
[Black "Nabaty,T"]
[Result "1/2-1/2"]
[WhiteElo "2557"]
[BlackElo "2565"]

1.d4 Nf6 2.Nf3 c5 3.d5 e6 4.c4 d6 5.Nc3 exd5 6.cxd5 g6 7.h3 Bg7 8.e4 O-O
9.Bd3 b5 10.Bxb5 Nxe4 11.Nxe4 Qa5+ 12.Nfd2 Qxb5 13.Nxd6 Qa6 14.N2c4 Nd7 15.O-O Nb6
16.Nxb6 Qxb6 17.Nxc8 Raxc8 18.Rb1 Rfd8 19.Bf4 Qb7 20.d6 Bf8 21.Qd2 Bxd6 22.Bxd6 Rc6
23.Rfd1 Qa6 24.Qg5 Rdxd6 25.Rxd6 Rxd6 26.Qxc5 Qxa2 27.Qc8+ Kg7 28.Qc3+ Kg8
29.Qc8+ Kg7 30.Qc3+ Kg8 31.Qc8+  1/2-1/2

[Event "24th MGU Open"]
[Site "Sofia BUL"]
[Date "2011.01.30"]
[Round "6.1"]
[White "Ruschukov,Boyan"]
[Black "Karastoyanov,Mihail"]
[Result "1/2-1/2"]
[WhiteElo "1962"]
[BlackElo "2049"]

1.d4 d6 2.c4 c5 3.d5 e6 4.Nc3 exd5 5.cxd5 Nf6 6.Nf3 Be7 7.e4 O-O 8.Be2 h6
9.Nd2 Re8 10.a4 Nbd7 11.O-O Nf8 12.f4 Ng6 13.h3 a6 14.a5 b5 15.axb6 Qxb6
16.Nc4 Qb8 17.e5 dxe5 18.d6 Bd8 19.fxe5 Nxe5 20.Nxe5 Rxe5 21.Bf4 Rf5 22.Qd2 Qb6
23.g4 c4+ 24.Kh2 Ra5 25.Bxc4 Rxa1 26.Rxa1 Qc5 27.Qe2 Bb7 28.Rd1 Bc6 29.Bg3 a5
30.b3 Bb6 31.Qe7 Rf8 32.Rf1 a4 33.Bf2 Qb4 34.Bxb6 Qxc3  1/2-1/2

[Event "33rd Bulgarian Open"]
[Site "Plovdiv BUL"]
[Date "2011.02.01"]
[Round "4.9"]
[White "Todorov,Mo"]
[Black "Enchev,I"]
[Result "1/2-1/2"]
[WhiteElo "2190"]
[BlackElo "2432"]

1.d4 Nf6 2.c4 e6 3.Nf3 c5 4.d5 exd5 5.cxd5 d6 6.Nc3 g6 7.e4 Bg7 8.h3 O-O
9.Bd3 a6 10.a4 Re8 11.O-O Nbd7 12.Re1 Nh5 13.Bg5 Bf6 14.Be3 Ne5 15.Be2 Nxf3+
16.Bxf3 Ng7 17.Qd2 Rb8 18.Rab1 b5 19.axb5 axb5 20.b4 c4 21.Bd4 Bxd4 22.Qxd4 Qg5
23.Kf1 Qf4 24.Ne2 Qg5 25.Ra1 Rb7  1/2-1/2

[Event "ch-TUR"]
[Site "Kemer-Antalya TUR"]
[Date "2011.02.05"]
[Round "1"]
[White "Akinci,M"]
[Black "Gazioglu,H"]
[Result "1/2-1/2"]
[WhiteElo "1867"]
[BlackElo "2055"]

1.d4 Nf6 2.Nf3 e6 3.c4 c5 4.d5 exd5 5.cxd5 d6 6.Nc3 Be7 7.e4 O-O 8.Be2 Bg4
9.O-O Nbd7 10.h3 Bxf3 11.Bxf3 Rb8 12.a4 Re8 13.Re1 Bf8 14.Qc2 a6 15.a5 g6
16.Bf4 Qc7 17.Qd2 Bg7 18.g3 Ne5 19.Be2 h5 20.Be3 Kh7 21.f4 Ned7 22.Bf3 b5
23.Bf2 b4 24.Nd1 Rb5 25.g4 hxg4 26.hxg4 g5 27.e5 dxe5 28.fxg5 Ng8 29.Be4+ Kh8
30.Qe3 Ne7 31.Qh3+ Kg8 32.Qh7+ Kf8 33.Ne3 c4 34.g6 Nf6 35.d6 Qxd6 36.Qh1 Nxe4
37.gxf7 Nxf2 38.fxe8=Q+ Kxe8 39.Kxf2 Qf6+ 40.Qf3 Rc5 41.Qxf6 Bxf6 42.Ke2 e4
43.Rac1 c3 44.Rf1 Be5 45.bxc3 Bxc3 46.Nf5 Rxa5 47.Nd6+ Kd7 48.Nxe4 Bd4 49.Rfd1 Ra2+
50.Kf3 Nc6 51.Rxc6 Kxc6 52.Rxd4 a5 53.g5 b3 54.g6 b2 55.Nd2 Ra3+ 56.Kf2 Rb3
57.Rd8 Rb7 58.Rg8 Kb5 59.Ke2 Kb4 60.g7 a4 61.Kd3 a3 62.Kc2 Rc7+ 63.Kd3 Rb7
64.Kc2 Rc7+ 65.Kd3  1/2-1/2

[Event "ch-St Petersburg S/F 2011"]
[Site "St Petersburg RUS"]
[Date "2011.02.11"]
[Round "1.2"]
[White "Duzhakov,I"]
[Black "Rozum,I"]
[Result "1-0"]
[WhiteElo "2303"]
[BlackElo "2470"]

1.d4 Nf6 2.Nf3 e6 3.c4 c5 4.d5 exd5 5.cxd5 d6 6.Nc3 g6 7.h3 a6 8.a4 Qe7 9.Nd2 Nbd7
10.e4 Bg7 11.Be2 O-O 12.O-O Re8 13.f4 Rb8 14.Re1 Qd8 15.Qc2 b5 16.axb5 axb5
17.Nxb5 Nxd5 18.Nxd6 Nxf4 19.Nxe8 Qh4 20.Nf3 Nxh3+ 21.gxh3 Bd4+ 22.Kg2 Qf2+
23.Kh1 Qg3 24.Bd1 Bf2 25.Rf1 Qxh3+ 26.Nh2 Bg3 27.Bg4 Qh4 28.Bxd7 Bb7 29.Nf6+ Kh8
30.Ra3 Be5 31.Rh3  1-0

[Event "ch-St Petersburg S/F 2011"]
[Site "St Petersburg RUS"]
[Date "2011.02.12"]
[Round "2.19"]
[White "Usmanov,V"]
[Black "Nedostup,D"]
[Result "1-0"]
[WhiteElo "2215"]
[BlackElo "2037"]

1.d4 Nf6 2.c4 e6 3.Nf3 c5 4.d5 exd5 5.cxd5 d6 6.Nc3 g6 7.e4 Bg7 8.Bd3 O-O
9.h3 Nbd7 10.O-O Nb6 11.Re1 Re8 12.Bf4 a6 13.Qd2 Re7 14.a4 Ne8 15.Bg3 Nd7
16.Rad1 Qc7 17.Nb1 Rb8 18.Na3 Nb6 19.Qc2 Bd7 20.a5 Nc8 21.Nc4 f6 22.h4 Bg4
23.Ra1 Na7 24.Ne3 Bxf3 25.gxf3 Nb5 26.Bxb5 axb5 27.Qb3 Qd7 28.a6 Nc7 29.axb7 Rxb7
30.Nc4 Ne8 31.Na5 Rb6 32.Nc6 Rf7 33.Ra8 Bf8 34.Rd8 c4 35.Qe3 Qc7 36.Rxe8 Rxc6
37.dxc6 Qxc6 38.Rb8  1-0

[Event "ch-ROU Men"]
[Site "Sarata Monteoru ROU"]
[Date "2011.02.14"]
[Round "3.1"]
[White "Manea,Al"]
[Black "Lupulescu,C"]
[Result "0-1"]
[WhiteElo "2384"]
[BlackElo "2619"]

1.d4 Nf6 2.Nf3 e6 3.c4 c5 4.d5 d6 5.Nc3 exd5 6.cxd5 g6 7.g3 Bg7 8.Bg2 O-O
9.O-O Re8 10.Bf4 a6 11.a4 Nh5 12.Bg5 Qc7 13.Qc1 Nd7 14.Nd2 Ne5 15.Nf3 Rb8
16.Bh6 Bh8 17.Nxe5 Bxe5 18.e4 b5 19.axb5 axb5 20.Ne2 f5 21.exf5 Bxf5 22.Qd2 Qd7
23.f3 Bh3 24.g4 Bxg2 25.Kxg2 Nf6 26.h3 c4 27.Rad1 Qb7 28.Kg1 Rbc8 29.g5 Nh5
30.f4 Qb6+ 31.Kg2 Bg7 32.Rf3 Rc7 33.Ng3 Rce7 34.Bxg7 Nxg7 35.Rdf1 Nf5 36.Kh1 Nxg3+
37.Rxg3 Re2 38.Qc3 Qc5 39.Qf3 R8e3 40.Qg4 Qxd5+ 41.Kg1 Rxg3+ 42.Qxg3 Qd2
43.Kh1  0-1

[Event "ch-ROU Men"]
[Site "Sarata Monteoru ROU"]
[Date "2011.02.15"]
[Round "5.9"]
[White "Cioara,A"]
[Black "Hajbok,R"]
[Result "1-0"]
[WhiteElo "2427"]
[BlackElo "2264"]

1.d4 Nf6 2.c4 c5 3.d5 e6 4.Nc3 exd5 5.cxd5 d6 6.Nf3 g6 7.g3 Bg7 8.Bg2 O-O
9.O-O a6 10.a4 Re8 11.Bf4 b6 12.Re1 h6 13.h3 Nh5 14.Bd2 Nd7 15.g4 Nhf6 16.Bf4 Nf8
17.Nd2 g5 18.Bg3 Ng6 19.Nc4 Bf8 20.e3 Qc7 21.Qc2 Bd7 22.a5 b5 23.Nb6 Rad8
24.Ne2 h5 25.gxh5 Nxh5 26.Nd4 Nxg3 27.fxg3 Ne5 28.Rf1 Bg7 29.Nxd7 Qxd7 30.Nf5 Nc4
31.Rae1 Re5 32.e4 Rde8 33.Qc1 Qd8 34.Re2 Qf6 35.Ne3 Qd8 36.Ng4 Nxa5 37.Ref2 Rf8
38.h4 gxh4 39.Nf6+ Bxf6 40.Rxf6 Rh5 41.e5 Nc4 42.e6 Ne5 43.Qf4 Rh7 44.Be4 Rg7
45.Qxh4  1-0

[Event "ch-ROU Men"]
[Site "Sarata Monteoru ROU"]
[Date "2011.02.17"]
[Round "7.11"]
[White "Chifor,E"]
[Black "Balla,Ta"]
[Result "1/2-1/2"]
[WhiteElo "2276"]
[BlackElo "2394"]

1.d4 Nf6 2.Nf3 c5 3.d5 e6 4.c4 exd5 5.cxd5 d6 6.Nc3 g6 7.h3 Bg7 8.e4 O-O
9.Bd3 Na6 10.O-O Nc7 11.a4 b6 12.Bf4 a6 13.Qd2 Rb8 14.Rab1 b5 15.axb5 Nxb5
16.Bxb5 axb5 17.b4 Ba6 18.e5 dxe5 19.Nxe5 cxb4 20.Rxb4 Rc8 21.Nc6 Qd7 22.Nxb5 Nxd5
23.Qxd5 Qxc6 24.Qxc6 Rxc6 25.Rfb1 h6 26.Nd4 Rc4 27.Rxc4 Bxc4 28.Nf3 Bd5 29.Rb8 Bxf3
30.gxf3 Rxb8 31.Bxb8 f5 32.Kf1 Kf7 33.Ke2 g5 34.Bc7 Kg6 35.Kf1 Kh5 36.Kg2 f4
37.Kf1 Bd4 38.Kg2 Bb2 39.Bd8 Be5 40.Be7 Kg6 41.Kf1 Kf5 42.Ke2 Bf6 43.Bf8 h5  1/2-1/2

[Event "ch-ROU Men"]
[Site "Sarata Monteoru ROU"]
[Date "2011.02.17"]
[Round "7.8"]
[White "Miroiu,G"]
[Black "Nanu,C"]
[Result "1-0"]
[WhiteElo "2277"]
[BlackElo "2526"]

1.d4 Nf6 2.c4 e6 3.Nf3 c5 4.d5 exd5 5.cxd5 d6 6.Nc3 g6 7.e4 a6 8.a4 Bg7 9.h3 O-O
10.Bd3 Nbd7 11.O-O Ne8 12.Bf4 Qe7 13.Re1 Ne5 14.Nxe5 Bxe5 15.Be3 Bg7 16.Qd2 Bd7
17.Rab1 Rc8 18.Bg5 f6 19.Bf4 c4 20.Bc2 Qd8 21.Ne2 f5 22.Bg5 Qc7 23.Nd4 c3
24.Qd1 f4 25.Bb3 Qc5 26.bxc3 h6 27.Bh4 g5 28.Bxg5 hxg5 29.e5 Bxe5 30.Qh5 Ng7
31.Qxg5 Bxd4 32.cxd4 Qxd4 33.Re7 Rf7 34.Rbe1 Rxe7 35.Rxe7 Be8 36.Bc2 Bf7
37.Bg6 Rf8 38.Rxb7 Qxa4 39.Qh6 Qa1+ 40.Rb1  1-0

[Event "16th Lienz-Open 2011"]
[Site "Lienz AUT"]
[Date "2011.02.18"]
[Round "8"]
[White "Tabernig,B"]
[Black "Pregl,W"]
[Result "0-1"]
[WhiteElo "2306"]
[BlackElo "2106"]

1.d4 Nf6 2.c4 e6 3.Nf3 c5 4.d5 exd5 5.cxd5 d6 6.Nc3 g6 7.e4 Bg7 8.h3 O-O
9.Bd3 a6 10.O-O b5 11.a3 Re8 12.Re1 Nfd7 13.Be3 Ne5 14.Nxe5 Rxe5 15.f4 Re8
16.Qf3 Ra7 17.e5 Rae7 18.Ne4 c4 19.Nxd6 cxd3 20.Nxe8 Rxe8 21.Bf2 Bb7 22.Qxd3 Qxd5
23.Qxd5 Bxd5 24.Rad1 Be6 25.Re2 Bf8 26.Red2 Nc6 27.Kh2 Be7 28.g4 Na5 29.Bd4 Nb3
30.f5 Nxd2 31.Rxd2 gxf5 32.gxf5 Bxf5 33.Rf2 Bg6 34.Bc3 Bc5 35.Rd2 Be3 36.Re2 Bf4+
37.Kg1 h5 38.Re1 h4 39.Kg2 Bg3 40.Re3 Bf5 41.Kf3 Bxh3 42.Ke4 Be6 43.Rd3 f5+
44.Kf3 Bc4 45.Rd6 Re6 46.Rd8+ Kf7 47.Rh8 Bd5+ 48.Ke3 f4+ 49.Kd4 Bc4 50.Ke4 Re8
51.Rh6 Be6 52.Bd2 Kg7 53.Rf6 h3 54.Bxf4 Bxf4 55.Rxf4 h2 56.Rh4 Rh8  0-1

[Event "V Tancat IM"]
[Site "Sabadell ESP"]
[Date "2011.02.18"]
[Round "3"]
[White "Cruz,F"]
[Black "Rojas Keim,L"]
[Result "1/2-1/2"]
[WhiteElo "2412"]
[BlackElo "2432"]

1.d4 Nf6 2.c4 e6 3.Nf3 c5 4.d5 d6 5.Nc3 exd5 6.cxd5 g6 7.e4 Bg7 8.Be2 a6
9.a4 Bg4 10.O-O Bxf3 11.Bxf3 O-O 12.Bf4 Qe7 13.h3 Nbd7 14.Re1 Ne5 15.Be2 Ne8  1/2-1/2

[Event "ch-ROU Men"]
[Site "Sarata Monteoru ROU"]
[Date "2011.02.19"]
[Round "10.4"]
[White "Manolache,M"]
[Black "Ardelean,Ge"]
[Result "1-0"]
[WhiteElo "2544"]
[BlackElo "2506"]

1.d4 Nf6 2.Nf3 c5 3.d5 e6 4.c4 d6 5.Nc3 exd5 6.cxd5 g6 7.Bf4 a6 8.e4 b5 9.Bd3 Bg7
10.O-O O-O 11.h3 c4 12.Bc2 Re8 13.Re1 Bb7 14.Qd2 Qc7 15.Nd4 Qb6 16.Be3 Qc7
17.Bh6 Bh8 18.Bf4 Qb6 19.Nf5 gxf5 20.Bh6 f4 21.Qxf4 Nh5 22.Qh4 Re5 23.Be3 Qc7
24.f4 Nxf4 25.Bxf4 Nd7 26.Re3 Bg7 27.Rg3 Kh8 28.Qg4 Rg8 29.Bh6 Rg5 30.Bxg5  1-0

[Event "TCh-HUN 2010-11"]
[Site "Budapest HUN"]
[Date "2011.02.20"]
[Round "6"]
[White "Almasi,I"]
[Black "Nagy,Ervin1"]
[Result "1-0"]
[WhiteElo "2397"]
[BlackElo "2269"]

1.d4 Nf6 2.Nf3 c5 3.d5 e6 4.c4 exd5 5.cxd5 d6 6.Nc3 g6 7.Bf4 a6 8.e4 Bg7
9.Qa4+ Kf8 10.h3 Ne8 11.Be2 Nd7 12.O-O h6 13.Rae1 Kg8 14.Bd3 f6 15.Bg3 Nf8
16.Qc2 Bd7 17.Nh4 Rc8 18.e5 dxe5 19.Nxg6 c4 20.Be4 Nxg6 21.Bxg6 h5 22.f4 exf4
23.Bxf4 Bf8 24.Bf5 Bxf5 25.Qxf5 Rh7 26.Rxe8 Qxe8 27.Ne4 Bc5+ 28.Kh1 Bd4 29.Nd6  1-0

[Event "e2e4.org.uk Brighton Masters A"]
[Site "Brighton ENG"]
[Date "2011.02.25"]
[Round "5"]
[White "Arkell,K"]
[Black "Lenier,J"]
[Result "1-0"]
[WhiteElo "2412"]
[BlackElo "2022"]

1.Nf3 Nf6 2.d4 e6 3.c4 c5 4.d5 exd5 5.cxd5 d6 6.Nc3 g6 7.e4 Bg7 8.Bb5+ Nfd7
9.O-O O-O 10.Bf4 Qe7 11.Qd2 a6 12.Bxd7 Nxd7 13.a4 Rb8 14.Rab1 b5 15.axb5 axb5
16.b4 c4 17.Nd4 Bxd4 18.Qxd4 Re8 19.Ra1 Ne5 20.Ra7 Qf6 21.Bxe5 Qxe5 22.Qxe5 Rxe5
23.Rfa1 Kf8 24.Ra8 Rxa8 25.Rxa8 Re8 26.Nxb5 Ke7 27.Kf1 Bd7 28.Rxe8+ Bxe8
29.Nc3 f5 30.exf5 gxf5 31.f4 Kd7 32.Kf2 Kc7 33.Ke3 Kb6 34.Kd4 Bd7 35.Kxc4 Be8
36.Nd1 Bb5+ 37.Kc3 Bd7 38.Ne3 h6 39.Kd4 Kb7 40.b5 Kc7 41.h3 h5 42.h4 Bxb5
43.Nxf5 Ba4 44.Ng7  1-0

[Event "Elitzur Winter GM"]
[Site "Petach Tikva ISR"]
[Date "2011.03.01"]
[Round "4"]
[White "Axelrod,A"]
[Black "Gruenfeld,Y"]
[Result "0-1"]
[WhiteElo "2403"]
[BlackElo "2472"]

1.d4 Nf6 2.c4 c5 3.d5 e6 4.Nc3 exd5 5.cxd5 d6 6.Nf3 g6 7.Bf4 a6 8.a4 Bg7
9.h3 O-O 10.e3 Qe7 11.Nd2 Nbd7 12.Be2 Ne5 13.O-O Ne8 14.Qc2 f5 15.Rfe1 Bd7
16.b3 Rb8 17.Bf1 b5 18.axb5 axb5 19.Ra7 Qd8 20.Bg3 Qb6 21.Rea1 Nc7 22.R1a5 Rb7
23.Qa2 Rfb8 24.e4 Nf7 25.Nd1 Bd4 26.Kh2 Rxa7 27.Rxa7 c4 28.Ra5 c3 29.Nf3 fxe4
30.Nxd4 Qxd4 31.Ne3 Rb7 32.b4 Kg7 33.Qb3 Ne8 34.Nc2 Qf6 35.Qa3 h5 36.Kg1 h4
37.Bh2 Rc7 38.Bxb5 Bxb5 39.Rxb5 Ne5 40.Qc1 Rf7 41.Qe3 Nc4 42.Qe2 Qg5 43.Rb8 Qc1+
44.Qe1 Qxe1+ 45.Nxe1 e3 46.f3 Ra7 47.Nc2 Ra2 48.Rxe8 Rxc2 49.Kf1 Rf2+  0-1

[Event "27th Open"]
[Site "Cappelle la Grande FRA"]
[Date "2011.03.03"]
[Round "7.57"]
[White "Foisor,M"]
[Black "Sanikidze,T"]
[Result "1/2-1/2"]
[WhiteElo "2193"]
[BlackElo "2559"]

1.d4 Nf6 2.c4 c5 3.d5 e6 4.Nc3 exd5 5.cxd5 d6 6.Nf3 g6 7.Bf4 a6 8.a4 Bg7
9.e4 Bg4 10.Qb3 Bxf3 11.gxf3 Nh5 12.Qxb7 Nxf4 13.Qxa8 O-O 14.Qb7 Nd7 15.Qxa6 Ne5
16.Be2 Qf6 17.O-O-O Rb8 18.Bb5 Nxf3 19.Qa7 Qd8 20.Qd7 Qg5 21.Kb1 Be5 22.Qc7 Rf8
23.a5 Qf6 24.Na4 Bd4  1/2-1/2

[Event "ch-PriFO A"]
[Site "Tolyatti RUS"]
[Date "2011.03.11"]
[Round "2.22"]
[White "Afanasiev,D2"]
[Black "Derbenev,A"]
[Result "1-0"]
[WhiteElo "2006"]
[BlackElo "2373"]

1.d4 Nf6 2.c4 c5 3.d5 e6 4.Nc3 exd5 5.cxd5 d6 6.Nf3 g6 7.Bf4 a6 8.a4 Bg7
9.h3 O-O 10.e3 Nh5 11.Bh2 f5 12.Be2 f4 13.O-O Qe7 14.exf4 Nxf4 15.Re1 Bxc3
16.bxc3 Qf6 17.Qd2 g5 18.Bf1 h6 19.Rab1 Qg7 20.Re3 a5 21.Bb5 Na6 22.Rbe1 Nc7
23.Re7 Rf7 24.Rxc7 Rxc7 25.Re8+ Kf7 26.Bxf4 Qf6 27.Bg3 Re7 28.Rd8 Re1+ 29.Qxe1 Qxd8
30.Qe4 Kg7 31.Bd3 Qf8 32.Qg6+  1-0

[Event "27th MGU Open"]
[Site "Sofia BUL"]
[Date "2011.03.12"]
[Round "2.3"]
[White "Vasilev,P"]
[Black "Kostov,N"]
[Result "0-1"]
[WhiteElo "2100"]
[BlackElo "2005"]

1.d4 Nf6 2.Nf3 e6 3.c4 c5 4.d5 exd5 5.cxd5 d6 6.Nc3 Be7 7.Nd2 O-O 8.e4 Nbd7
9.Be2 a6 10.a4 Re8 11.O-O Bf8 12.Re1 g6 13.f4 Bg7 14.Bf3 Rb8 15.Nc4 Nb6 16.Na3 Nbd7
17.Nc4 Nb6 18.Na3 Nbd7 19.Qd3 Nf8 20.Bd2 N8d7 21.Nc4 Nb6 22.a5 Nxc4 23.Qxc4 b5
24.axb6 Qxb6 25.Ra2 Qb3 26.Qxb3 Rxb3 27.Bd1 Rb4 28.Ba4 Bd7 29.e5 dxe5 30.Bxd7 Nxd7
31.Ne4 Rd4 32.Bc3 Rxd5 33.Rxa6 exf4 34.Ra7 Bxc3 35.bxc3 Kg7 36.Kf1 h6 37.Re2 Rb8
38.Nd2 Ne5  0-1

[Event "ch-PriFO A"]
[Site "Tolyatti RUS"]
[Date "2011.03.13"]
[Round "4.27"]
[White "Terentyev,V"]
[Black "Ivanov,Ro"]
[Result "1-0"]
[WhiteElo "2082"]
[BlackElo "2235"]

1.d4 Nf6 2.c4 c5 3.d5 e6 4.Nc3 exd5 5.cxd5 d6 6.Nf3 g6 7.Nd2 Nbd7 8.e4 a6
9.a4 Bg7 10.Be2 O-O 11.O-O Re8 12.Qc2 Rb8 13.a5 Qc7 14.Nc4 h6 15.Bf4 Bf8
16.h3 Ne5 17.Bxe5 dxe5 18.Rfd1 Bd7 19.Nb6 Bd6 20.Rac1 Rf8 21.Nb1 Qd8 22.Na3 Qe7
23.Nac4 Be8 24.Bf3 Nd7 25.Nxd7 Bxd7 26.Nxd6 Qxd6 27.Qxc5 Qf6 28.Qe3 Kg7 29.Rc7 Rfd8
30.Be2 Qd6 31.Qb6 Qxb6 32.axb6 Kf6 33.Bc4 Be8 34.Rd3 Rd6 35.Rb3 Ba4 36.Rf3+ Kg5
37.Rcxf7 h5 38.b3 Be8 39.Re7 Rxb6 40.Rf8  1-0